000 00329nam a2200133Ia 4500
005 20260328104337.0
008 260328s9999||||xx |||||||||||||| ||und||
100 _aSamper, Diego
245 0 _aGermán Samper /
_cDiego Samper
260 _bContrucciones planificadas
300 _a250 p.
650 _aARQUITECTOS
942 _cBK
999 _c11964
_d11964